The Macmillan book of 366 Bible stories. (Record no. 3446)

000 -LEADER
fixed length control field 00709nam a2200193 a 4500
001 - CONTROL NUMBER
control field :::00001177$&:&@@
003 - CONTROL NUMBER IDENTIFIER
control field OkBaRHE
005 - DATE AND TIME OF LATEST TRANSACTION
control field 20000607103242.0
008 - FIXED-LENGTH DATA ELEMENTS--GENERAL INFORMATION
fixed length control field s1988 j 000 0 eng u
040 ## - CATALOGING SOURCE
Transcribing agency
100 1# - MAIN ENTRY--PERSONAL NAME
Personal name Brunelli, Roberto.
245 14 - TITLE STATEMENT
Title The Macmillan book of 366 Bible stories.
Statement of responsibility, etc Retold by Roberto Brunelli; illustrated by Christ Rothero; translation by Colin Clark.
260 ## - PUBLICATION, DISTRIBUTION, ETC. (IMPRINT)
Place of publication, distribution, etc New York, NY., :
Name of publisher, distributor, etc Aladdin Books/Macmillan Pub. Co.
Date of publication, distribution, etc c1988
300 ## - PHYSICAL DESCRIPTION
Extent 191 p. : illus. ;
Dimensions 28 cm.
650 ## - SUBJECT ADDED ENTRY--TOPICAL TERM
Topical term or geographic name as entry element Bible Stories, Engish
700 ## - ADDED ENTRY--PERSONAL NAME
Personal name Rothero, Christopher.
942 ## - ADDED ENTRY ELEMENTS (KOHA)
Source of classification or shelving scheme
Koha item type Books
Copies
Date acquired Current Location Copy number Withdrawn status Lost status Damaged status Permanent Location Barcode Koha item type Date last seen Shelving location Source of classification or shelving scheme Price effective from Not for loan Full call number
2010-04-14RHEMA Bible Training College1 Missing RHEMA Bible Training College1177Books2018-02-22General Stacks 2010-04-14 BS 551.2 .B7813